000 00491nam a2200193Ia 4500
005 20230109121552.0
008 131103s9999 xx 000 0 und d
040 _aLoreto College
041 _aEnglish
082 _a813.54
_bMAL
100 _aMalamud,Bernard
245 2 _aA New life
_cBernard Malamud
260 _aHarmondsworth
_bPenguin Books
_c1968
300 _a316 p.
440 _aA Penguin Book
650 _aAmerican Fiction - 20th Century
850 _aLCLIB
942 _cBK
999 _c12044
_d62523